| 000 | 00653nam a2200217 a 4500 | ||
|---|---|---|---|
| 001 | 69800 | ||
| 003 | BD-RjUL | ||
| 005 | 20211209081927.0 | ||
| 008 | 170413s1975 pk a 000 0 eng d | ||
| 035 | _a(BD-RjUL)70012 | ||
| 040 |
_aLC _beng _cLC _dBD-RjUL |
||
| 041 | _aeng | ||
| 082 | 0 | 4 |
_a676.2824 _223 _bTHB 1975 |
| 100 | 1 |
_aThapar, Romesh _9206734 |
|
| 245 | 1 | 0 |
_aBook development in national communications and planning / _cby Romesh Thapar |
| 260 |
_aKarachi : _bUnesco Regional Centre for Book Development in Asia, _cc1975. |
||
| 300 |
_avi, 113 p. : _bill. ; _c22 cm. |
||
| 650 |
_aBook Paper _9206735 |
||
| 942 |
_2ddc _cBK |
||
| 999 |
_c69800 _d69800 |
||